[Event "22nd Open"]
[Site "Andorra la Vella AND"]
[Date "2004.07.11"]
[Round "9"]
[White "Delchev,A"]
[Black "Palo,D"]
[Result "1/2-1/2"]
[WhiteElo "2603"]
[BlackElo "2513"]

1.d4 Nf6 2.c4 e6 3.Nf3 b6 4.Nc3 Bb7 5.a3 d5 6.Bg5 Be7 7.Qa4+ c6 8.Bxf6 Bxf6
9.cxd5 exd5 10.Rd1 O-O 11.g3 Nd7 12.Bg2 Be7 13.O-O f5 14.e3 Bd6 15.Ne1 Nf6
16.Nd3 Qe7 17.Rfe1 Ne4 18.Rc1 Kh8 19.b4 a5 20.b5 c5 21.dxc5 bxc5 22.Nf4 Qe5  1/2-1/2

[Event "Open A"]
[Site "Klatovy CZE"]
[Date "2004.07.11"]
[Round "9"]
[White "Kalista,K"]
[Black "Maly,Ant"]
[Result "1/2-1/2"]
[WhiteElo "2019"]
[BlackElo "1982"]

1.d4 Nf6 2.c4 e6 3.Nf3 b6 4.Nc3 Bb4 5.Qb3 Bxc3+ 6.Qxc3 Ne4 7.Qc2 d5 8.Bf4 c5
9.e3 O-O 10.Bd3 Bb7 11.O-O-O cxd4 12.exd4 Na6 13.a3 b5 14.c5 Qa5 15.Bd2 Nxd2
16.Bxh7+ Kh8 17.Rxd2 Rac8 18.Bd3 b4 19.Qb3 bxa3 20.Qxa3 Qxa3 21.bxa3 Nb8
22.Ne5 Kg8 23.f4 Rc7 24.Rf1 f6 25.Nf3 Nc6 26.Re1 e5 27.fxe5 fxe5 28.dxe5 Na5
29.Kb2 Rxc5 30.Ng5 Rb8 31.Ka2 d4 32.Be4 Ba6 33.Bh7+ Kh8 34.Rb2 Bc4+ 35.Kb1 Nb3
36.Bc2 d3 37.Bd1 Nd2+ 38.Ka1 Nb3+ 39.Bxb3 Bxb3 40.Nf3 Ra5 41.Kb1 Rxa3 42.Kc1 Rc8+
43.Kd2 Bc4 44.Re3 Kg8 45.Ne1 Ra5 46.Nc2 Ra4 47.Ne1 Ra3 48.Nc2 Ra4  1/2-1/2

[Event "15th Open"]
[Site "Ljubjana SLO"]
[Date "2004.07.11"]
[Round "2"]
[White "Razinger,I"]
[Black "Podkriznik,G"]
[Result "0-1"]
[WhiteElo "2086"]
[BlackElo "2364"]

1.d4 Nf6 2.c4 e6 3.Nf3 b6 4.Nc3 Bb4 5.Bd2 Bb7 6.e3 O-O 7.a3 Bxc3 8.Bxc3 Ne4
9.Bd3 f5 10.Qc2 d6 11.O-O-O Nd7 12.h4 Ndf6 13.Ng5 Qe7 14.f3 Nxc3 15.Qxc3 d5
16.c5 Bc6 17.Kb1 bxc5 18.Qxc5 Qxc5 19.dxc5 Rfe8 20.Rhe1 Nd7 21.Rc1 h6 22.Nh3 a5
23.f4 a4 24.Ng1 Ra5 25.Rc3 Nxc5 26.Be2 Bb7 27.Rec1 Nb3 28.Rd1 c5 29.Nf3 Ba6
30.Bxa6 Rxa6 31.Nd2 Nxd2+ 32.Rxd2 c4 33.h5 Rb8 34.g4 fxg4 35.Rg2 Rab6 36.Kc1 Kf7
37.Rcc2 Rb3 38.e4 g3 39.Rgd2 R8b5 40.Rg2 Rf3 41.exd5 exd5 42.Rc3 Rxc3+ 43.bxc3 Rb3
44.Rxg3 d4  0-1

[Event "MTO"]
[Site "Biel SUI"]
[Date "2004.07.22"]
[Round "4"]
[White "Eljanov,P"]
[Black "Brodsky,M"]
[Result "1-0"]
[WhiteElo "2613"]
[BlackElo "2548"]

1.d4 Nf6 2.c4 e6 3.Nf3 b6 4.Nc3 Bb7 5.Bg5 h6 6.Bh4 Be7 7.Qc2 c5 8.e4 cxd4
9.Nxd4 Nc6 10.Nxc6 Bxc6 11.Bd3 Nh5 12.Bxe7 Qxe7 13.g3 O-O 14.O-O-O d6 15.Qe2 g6
16.Qd2 Kg7 17.Be2 Nf6 18.Qxd6 Qxd6 19.Rxd6 Bxe4 20.Rhd1 Bb7 21.b4 Rfc8 22.Kb2 Kf8
23.Kb3 g5 24.f3 Ke7 25.R6d2 Bc6 26.b5 Bb7 27.a4 a5 28.Rd6 Rab8 29.Rxb6 Nd7
30.Rbd6 Nc5+ 31.Kc2 Bd5 32.R6xd5 exd5 33.Rxd5 Ne6 34.Rd2 Rd8 35.Nd5+ Kd6
36.Nb4+ Kc7 37.Na6+ Kb7 38.Nxb8 Rxd2+ 39.Kxd2 Kxb8 40.Ke3 Kc7 41.Bd1 Nc5
42.Bc2 Kd6 43.f4 gxf4+ 44.Kxf4 Ne6+ 45.Kg4 Kc5 46.Kh5 Kxc4 47.Kxh6  1-0

[Event "7th Open"]
[Site "Korinthos GRE"]
[Date "2004.07.24"]
[Round "4"]
[White "Dobrov,V"]
[Black "Perunovic,Mil"]
[Result "1-0"]
[WhiteElo "2495"]
[BlackElo "2555"]

1.d4 Nf6 2.c4 e6 3.Nf3 b6 4.Nc3 Bb4 5.Qc2 Bb7 6.a3 Bxc3+ 7.Qxc3 O-O 8.e3 Ne4
9.Qc2 f5 10.Bd3 d6 11.O-O Rf6 12.b4 Nd7 13.d5 exd5 14.Bb2 Rg6 15.cxd5 Bxd5
16.Bc4 Bxc4 17.Qxc4+ Kf8 18.Qd5 Ne5 19.Bxe5 dxe5 20.Qxe5 Nd6 21.Rac1 Rc8
22.Qd5 Qe8 23.Ne5 Rf6 24.Rfd1 a6 25.h3 Qe6 26.Qd4 Kg8 27.Rc6 h6 28.Qc3 Qe8
29.f4 Qe7 30.Qd3 Kh7 31.Qxa6 Rd8 32.Rdc1 Ne8 33.Qe2 Rfd6 34.Kh2 Qe6 35.Qh5 Rxc6
36.Rxc6 Rd6 37.Rc3 Rd5 38.Nf3 Qe7 39.Rc6 Nf6 40.Rxf6 gxf6 41.Nh4 Qxe3  1-0

[Event "ACT Open"]
[Site "Amsterdam NED"]
[Date "2004.07.25"]
[Round "9"]
[White "Sokolov,I"]
[Black "Spoelman,W"]
[Result "1-0"]
[WhiteElo "2679"]
[BlackElo "2277"]

1.d4 Nf6 2.c4 e6 3.Nf3 b6 4.Nc3 Bb4 5.Qb3 c5 6.a3 Ba5 7.Bg5 Bb7 8.dxc5 Na6
9.c6 Bxc6 10.Qc2 Bxc3+ 11.Qxc3 Rc8 12.b4 d5 13.e4 dxc4 14.Rd1 Qe7 15.Qxc4 b5
16.Qd4 h6 17.Ne5 hxg5 18.Nxc6 Rxc6 19.Bxb5 Nb8 20.Rc1 Qb7 21.Qc5 Kd7 22.e5 Ne8
23.O-O a6 24.Rfd1+ Kc7 25.Bxc6 Nxc6 26.a4  1-0

[Event "Politiken Cup"]
[Site "Copenhagen DEN"]
[Date "2004.07.25"]
[Round "2"]
[White "Rossen,C"]
[Black "Hansen,SuB"]
[Result "0-1"]
[WhiteElo "2168"]
[BlackElo "2552"]

1.d4 Nf6 2.c4 e6 3.Nf3 b6 4.Nc3 Bb4 5.Qc2 Bb7 6.a3 Bxc3+ 7.Qxc3 Ne4 8.Qc2 f5
9.g3 Nf6 10.Bg2 Be4 11.Qc3 O-O 12.O-O Qe8 13.Bg5 d6 14.Bxf6 Rxf6 15.c5 Nc6
16.Nd2 Bxg2 17.Kxg2 dxc5 18.dxc5 e5 19.e4 Nd4 20.f4 Rd8 21.Rae1 exf4 22.Rxf4 Ne6
23.Rxf5 Nxc5 24.Rxf6 gxf6 25.Nf3 Qe6 26.e5 Rd3 27.Qc1 Rb3 28.Re3 Rxe3 29.Qxe3 Nd7
30.Qc3 Nxe5 31.Qxc7 Qd5 32.Qc8+ Kg7 33.Qf5 a5 34.g4 Qb3 35.Nxe5 Qxb2+ 36.Kf3 Qxe5
37.Qd7+ Kg6 38.h4 Qc3+ 39.Kf4 Qc1+ 40.Kf3 Qxa3+ 41.Kf4 Qc1+ 42.Kf3 Qf1+ 43.Ke4 Qe2+
44.Kf4 Qc4+ 45.Kf3 Qf7 46.Qc6 Qb3+ 47.Kf4 Qb4+ 48.Kf3 Qa3+ 49.Kf4 Qe7 50.Kf3 Qd8
51.Kf4 Qd2+ 52.Kf3 Qd1+ 53.Kf4 Qf1+ 54.Kg3 Qg1+ 55.Kh3 Qe3+ 56.Kg2 Qe2+ 57.Kg3 h5
58.gxh5+ Kxh5 59.Qxb6 Qg4+ 60.Kf2 Qxh4+ 61.Kf3 Qg4+ 62.Kf2 Qf4+ 63.Kg2 a4
64.Qa7 Qd2+ 65.Kf3 Qd1+ 66.Kf2 Qc2+ 67.Kf3 Qd3+ 68.Kf2 a3 69.Qf7+ Kg5 70.Qg8+ Qg6
71.Qb3 Qf5+ 72.Kg2 Qe4+ 73.Kf2 Qd4+ 74.Kf3 Qf4+ 75.Kg2 Qd2+ 76.Kf3 Qf4+ 77.Kg2 Qd6
78.Qe3+ Kg6 79.Qb3 Kf5 80.Qf3+ Ke6 81.Qa8 Qd5+  0-1

[Event "Skanska Open"]
[Site "Pardubice CZE"]
[Date "2004.07.25"]
[Round "3"]
[White "Borovikov,V"]
[Black "Petrik,T"]
[Result "1-0"]
[WhiteElo "2587"]
[BlackElo "2457"]

1.d4 Nf6 2.Nf3 e6 3.c4 b6 4.Nc3 Bb7 5.a3 d5 6.cxd5 Nxd5 7.e3 Be7 8.Bb5+ c6
9.Bd3 Nxc3 10.bxc3 c5 11.O-O Nc6 12.Bb2 Rc8 13.Qe2 O-O 14.Rad1 cxd4 15.cxd4 Bf6
16.e4 Na5 17.Rfe1 Re8 18.h3 Bc6 19.Ba6 Bb7 20.Bxb7 Nxb7 21.Nh2 Na5 22.Ng4 Bg5
23.f4 Bh4 24.Rf1 Qc7 25.Nh6+ gxh6 26.Qg4+ Kf8 27.Qxh4 Qc2 28.Qxh6+ Ke7 29.Qg5+ Kf8
30.f5 Qxb2 31.f6 Red8 32.Qg7+ Ke8 33.Qg8+  1-0

[Event "12th GM"]
[Site "Lippstadt GER"]
[Date "2004.07.26"]
[Round "3"]
[White "Greenfeld,A"]
[Black "Romanishin,O"]
[Result "1/2-1/2"]
[WhiteElo "2555"]
[BlackElo "2541"]

1.d4 Nf6 2.c4 e6 3.Nf3 b6 4.Nc3 Bb7 5.a3 Ne4 6.Nxe4 Bxe4 7.Nd2 Bb7 8.e4 d6
9.Bd3 e5 10.d5 a5 11.Rb1 Be7 12.b4 O-O 13.c5 dxc5 14.bxa5 Rxa5 15.Nc4 Ra7
16.f4 exf4 17.O-O c6 18.Bxf4 b5 19.d6 Bg5 20.e5 Bxf4 21.Rxf4 bxc4 22.Bxh7+ Kxh7
23.Qh5+ Kg8 24.Rh4 Qxh4 25.Qxh4 Nd7 26.Qe7 Ba6 27.Rf1 c3 28.Rc1 Bd3 29.Rxc3 c4
30.Rc1 Rb7 31.e6 fxe6 32.Qxe6+ Kh8 33.Qh3+ Kg8 34.Qe6+ Kh8 35.Qh3+  1/2-1/2

[Event "Skanska Open"]
[Site "Pardubice CZE"]
[Date "2004.07.27"]
[Round "5"]
[White "Borovikov,V"]
[Black "Azarov,S"]
[Result "1-0"]
[WhiteElo "2587"]
[BlackElo "2544"]

1.d4 Nf6 2.Nf3 e6 3.c4 b6 4.Nc3 Bb4 5.Bg5 Bb7 6.Nd2 c5 7.d5 h6 8.Bh4 d6 9.Qc2 O-O
10.Nde4 g5 11.Nxf6+ Qxf6 12.Bg3 Bxc3+ 13.bxc3 e5 14.h4 e4 15.hxg5 hxg5 16.O-O-O Nd7
17.Qxe4 Qxc3+ 18.Qc2 Qa1+ 19.Kd2 Qg7 20.Bxd6 Rfe8 21.f3 b5 22.e4 Rad8 23.Qc3 f6
24.Kc1 Nb6 25.Bxc5 Na4 26.Qd4 Nxc5 27.Qxc5 bxc4 28.d6 Qd7 29.Bxc4+ Kg7 30.Qc7 Qxc7
31.dxc7 Rxd1+ 32.Kxd1 Rc8 33.Be6 Rxc7 34.Bf5 Kg8 35.Rh6 Rc6 36.Rh7 Rb6 37.Rc7 a5
38.Ke1 Kf8 39.Kf2 Ba6 40.Kg3 a4 41.Bd7 Rb4 42.Ra7 Bf1 43.Rxa4 Rb2 44.Bh3 Kg7
45.Ra7+ Kh6 46.a4 Rd2 47.Rf7 Kg6 48.Rd7  1-0

[Event "MTO"]
[Site "Biel SUI"]
[Date "2004.07.29"]
[Round "10"]
[White "Eljanov,P"]
[Black "Shariyazdanov,A"]
[Result "1/2-1/2"]
[WhiteElo "2613"]
[BlackElo "2572"]

1.d4 Nf6 2.c4 e6 3.Nf3 b6 4.Nc3 Bb4 5.Bg5 Bb7 6.e3 h6 7.Bh4 Bxc3+ 8.bxc3 d6
9.Nd2 g5 10.Bg3 Qe7 11.h4 Rg8 12.Be2 Nc6 13.Rb1 O-O-O 14.Qa4 Qd7 15.hxg5 hxg5
16.Rh6 Na5 17.Qc2 Qe7 18.Bf3  1/2-1/2

[Event "3rd Asean GM"]
[Site "Bangkok THA"]
[Date "2004.07.31"]
[Round "2"]
[White "Dao Thien Hai"]
[Black "Yu Shaoteng"]
[Result "1/2-1/2"]
[WhiteElo "2583"]
[BlackElo "2476"]

1.d4 Nf6 2.c4 e6 3.Nf3 b6 4.Nc3 Bb7 5.Bg5 h6 6.Bh4 g5 7.Bg3 Nh5 8.e3 Nxg3
9.hxg3 Bg7 10.Qc2 d6 11.O-O-O Nd7 12.Bd3 Qe7 13.Kb1 O-O-O 14.Be4 Nf6  1/2-1/2

[Event "Politiken Cup"]
[Site "Copenhagen DEN"]
[Date "2004.07.31"]
[Round "9"]
[White "Schmidt,Ho DEN"]
[Black "Henrichsen,J"]
[Result "0-1"]
[WhiteElo "1878"]
[BlackElo "2084"]

1.d4 Nf6 2.Nf3 e6 3.c4 b6 4.Nc3 Bb4 5.e3 Bb7 6.Be2 O-O 7.O-O d5 8.Bd2 Nbd7
9.Rc1 c5 10.Qb3 Bxc3 11.bxc3 Ne4 12.Rfd1 Qe7 13.cxd5 exd5 14.c4 Ndf6 15.a4 Rfe8
16.Be1 cxd4 17.Nxd4 Nc5 18.Qa2 Rac8 19.Bb4 a5 20.Ba3 dxc4 21.Bxc4 Qe4 22.Bxf7+ Kh8
23.Nf3 Rf8 24.Bxc5 bxc5 25.Bc4 Qg6 26.Ne1 Ng4 27.Rd2 Qh6 28.h3 Nf6 29.Rd6 Rfe8
30.Rb1 Be4 31.Rbd1 Ba8 32.Qd2 Qg5 33.f4 Qg3 34.Re6 Ne4 35.Rxe8+ Rxe8 36.Qc2 h5
37.Nf3 Nf6 38.Qf2 Qg6 39.Ne5 Qe4 40.Bd3 Qxa4 41.Bc4 Qxd1+ 42.Kh2 Be4 43.Nf7+ Kh7
44.Ng5+ Kh6 45.Nf7+ Kh7 46.Ng5+ Kh8 47.Nf7+ Kg8 48.Nd6+ Kf8 49.Nxe8 Nxe8
50.Qa2 Qc2 51.Qxc2 Bxc2  0-1

[Event "Politiken Cup"]
[Site "Copenhagen DEN"]
[Date "2004.07.31"]
[Round "9"]
[White "Pedersen,G"]
[Black "Lindberg,Be"]
[Result "0-1"]
[WhiteElo "2251"]
[BlackElo "2422"]

1.d4 Nf6 2.Nf3 e6 3.c4 b6 4.Nc3 Bb4 5.Bg5 Bb7 6.e3 h6 7.Bh4 Bxc3+ 8.bxc3 d6
9.Bd3 Nbd7 10.Qc2 g5 11.Bg3 Qe7 12.O-O-O O-O-O 13.Kb1 Kb8 14.Rhg1 Nh5 15.Nd2 f5
16.f3 Nxg3 17.hxg3 h5 18.Rge1 h4 19.gxh4 gxh4 20.Bf1 Rdf8 21.Qa4 e5 22.Ka1 Rh6
23.Rb1 exd4 24.cxd4 Qg7 25.Qc2 Re6 26.Nb3 Qf6 27.Bd3 f4 28.exf4 Rxe1 29.Rxe1 a5
30.Qb2 a4 31.Nc1 a3 32.Qc3 Qxf4 33.Be4 Re8 34.Nd3 Qf6 35.Bxb7 Rxe1+ 36.Nxe1 Kxb7
37.Nc2 Qg5 38.Ne3 Qf4 39.Kb1 Nb8 40.d5 Qh2 41.Qxa3 Na6 42.Qc3 Nc5 43.Qd4 Qg1+
44.Kb2 Qf2+ 45.Kb1 Qe2 46.f4 Nd3 47.f5 Ne1 48.Qe4 Nxg2 49.Qxg2 Qxe3 50.Qf1 h3
51.f6 Qe4+ 52.Kb2 Qg2+ 53.Qxg2 hxg2 54.f7 g1=Q 55.f8=Q Qd4+ 56.Kb3 Qd3+ 57.Kb4 Qc2
58.a3 Qb2+ 59.Ka4 b5+ 60.cxb5 Qd4+ 61.Ka5 Qc3+ 62.Ka4 Qc4+ 63.Ka5 Qb3 64.Qf4 Qxa3+
65.Qa4 Qc3+ 66.Qb4 Qd3 67.Qb2 Qxd5 68.Qf2 Qc5 69.Qf3+ Ka7 70.Ka4 Kb6 71.Qd3 Qe5
72.Kb4 Qb2+ 73.Ka4 Qa2+ 74.Kb4 Qa5+  0-1

[Event "Open"]
[Site "Kavala GRE"]
[Date "2004.08.01"]
[Round "2"]
[White "Kyriakidis,T"]
[Black "Gelashvili,T"]
[Result "0-1"]
[WhiteElo "2162"]
[BlackElo "2573"]

1.d4 Nf6 2.Nf3 e6 3.c4 b6 4.Nc3 Bb7 5.e3 Bb4 6.Qb3 c5 7.a3 Ba5 8.Bd2 Bxf3
9.gxf3 cxd4 10.exd4 Nc6 11.Be3 Rc8 12.Rc1 O-O 13.Be2 d5 14.cxd5 Nxd5 15.O-O Bxc3
16.bxc3 Na5 17.Qb2 Nc4 18.Bxc4 Rxc4 19.Kh1 Qf6 20.Qe2 Rxc3 21.Rg1 Rfc8 22.Bg5 Qxg5  0-1

[Event "Open"]
[Site "Kavala GRE"]
[Date "2004.08.02"]
[Round "4"]
[White "Kouvatsos,F"]
[Black "Zagrebelny,S"]
[Result "0-1"]
[WhiteElo "2074"]
[BlackElo "2499"]

1.d4 Nf6 2.c4 e6 3.Nf3 b6 4.Nc3 Bb4 5.Qb3 c5 6.Bg5 h6 7.Bh4 Bb7 8.O-O-O Bxc3
9.Qxc3 g5 10.Bg3 Ne4 11.Qc2 Nxg3 12.hxg3 g4 13.Nh2 Qg5+ 14.Qd2 cxd4 15.f4 Qg7
16.e3 dxe3 17.Qxe3 Na6 18.Be2 f5 19.Rd6 Nc5 20.Rhd1 Rd8 21.Nf1 Bxg2 22.Qa3 Ne4
23.R1d3 Nf2 24.Ne3 Be4 25.Qxa7 Bxd3  0-1

[Event "Open"]
[Site "Vladimir RUS"]
[Date "2004.08.21"]
[Round "4"]
[White "Yevseev,D"]
[Black "Dvalishvili,P"]
[Result "1/2-1/2"]
[WhiteElo "2564"]
[BlackElo "2477"]

1.d4 Nf6 2.c4 e6 3.Nf3 b6 4.Nc3 Bb7 5.a3 Ne4 6.Nxe4 Bxe4 7.e3 Be7 8.Bd3 Bxd3
9.Qxd3 O-O 10.O-O d5 11.Bd2 c6 12.e4 dxe4 13.Qxe4 Qc7 14.Bf4 Qb7 15.Ne5 Bf6
16.Rad1 b5 17.Rd3 bxc4 18.Nxc4 Qb5 19.Rc1 a5 20.b3 Qd5 21.Nd6 Qxe4 22.Nxe4 Be7
23.Bd6 Bxd6 24.Nxd6 Rd8 25.Nb7 Rd7 26.Nc5 Rd5 27.Kf1 Kf8 28.Ke2 Ke7 29.Na4 Ra6
30.Rc4 h5 31.Nc3 Rd8 32.Nd1 Nd7 33.Rdc3 Rb8 34.Kd2 Nf6 35.Kc2 Nd5 36.Rxc6 Nxc3
37.Rxa6 Nxd1 38.Kxd1 Rxb3 39.Rxa5 Rb2 40.Ke1 Ra2 41.h4 g6 42.Ra6 Rb2 43.g3 Rc2
44.Rb6 Rc3 45.a4 Ra3 46.Rb4 Ra2 47.Kf1 Kf6 48.Kg2 Ra3 49.Rc4 Ke7 50.Rb4  1/2-1/2

[Event "14th Open"]
[Site "Abu Dhabi UAE"]
[Date "2004.08.22"]
[Round "8"]
[White "Vladimirov,E"]
[Black "Anastasian,A"]
[Result "1-0"]
[WhiteElo "2628"]
[BlackElo "2571"]

1.d4 Nf6 2.c4 e6 3.Nf3 b6 4.Nc3 Bb7 5.a3 d5 6.Bg5 Be7 7.e3 O-O 8.Rc1 dxc4
9.Bxc4 Nbd7 10.O-O c5 11.dxc5 Nxc5 12.Qe2 a6 13.Rfd1 Qe8 14.Ne5 Nfd7 15.Nxd7 Nxd7
16.Bf4 Nc5 17.b4 Ne4 18.Nxe4 Bxe4 19.Bxa6 Qa4 20.Bd3 Bd5 21.Be5 Qxa3 22.b5 f5
23.h3 Bb3 24.Bc4 Bxd1 25.Rxd1 Rad8 26.Bxe6+ Kh8 27.Rxd8 Bxd8 28.Qc4 Bf6 29.Bg3 Qa1+
30.Kh2 Be5 31.f4 Bd6 32.Qd3 Bc5 33.Bxf5 h6 34.Be6 Qf6 35.Bb3 Rd8 36.Qe4 Qe7
37.Qxe7 Bxe7 38.e4 Rd4 39.Bd5 Bd6 40.f5 Bxg3+ 41.Kxg3 g5 42.fxg6 Kg7 43.Kf4 Kxg6
44.Ke5 Rd2 45.Kd6 Rxg2 46.Kc7 Rh2 47.Kxb6 Kf6 48.Kc7 Ke7 49.b6 Rxh3 50.b7 Rc3+
51.Kb6 Rc1 52.Bc6  1-0

[Event "Open"]
[Site "Vladimir RUS"]
[Date "2004.08.22"]
[Round "5"]
[White "Zakharevich,I"]
[Black "Gavrilov,Al1"]
[Result "1-0"]
[WhiteElo "2532"]
[BlackElo "2441"]

1.d4 Nf6 2.c4 e6 3.Nf3 b6 4.Nc3 Bb7 5.a3 d5 6.Qc2 Be7 7.cxd5 Nxd5 8.Bd2 O-O
9.e4 Nxc3 10.Bxc3 Nd7 11.Rd1 Qc8 12.Be2 Rd8 13.O-O Nf6 14.Bd3 Ba6 15.Rfe1 c6
16.Qe2 Bxd3 17.Rxd3 Qb7 18.Red1 h6 19.Ne5 a5 20.Ng4 Nxg4 21.Qxg4 Bf8 22.Rg3 b5
23.b4 Qd7 24.bxa5 g6 25.Rd2 Bxa3 26.d5 exd5 27.Qf4 Kh7 28.exd5 cxd5 29.Qe5 Rg8
30.Rxd5 Qc6 31.h4 Rae8 32.Qd4 Bf8 33.Rd7 Re7 34.Rxe7 Bxe7 35.h5  1-0

[Event "14th Open"]
[Site "Abu Dhabi UAE"]
[Date "2004.08.23"]
[Round "9"]
[White "Bocharov,D"]
[Black "Ghaem Maghami,E"]
[Result "1-0"]
[WhiteElo "2569"]
[BlackElo "2552"]

1.d4 Nf6 2.Nf3 e6 3.c4 b6 4.Nc3 Bb4 5.Qb3 c5 6.Bg5 Nc6 7.d5 Na5 8.Qc2 exd5
9.cxd5 O-O 10.Nd2 d6 11.e4 h6 12.Bh4 g5 13.Bg3 Nh5 14.Be2 g4 15.a3 Bxc3 16.Qxc3 f5
17.exf5 Bxf5 18.O-O Nxg3 19.fxg3 Qe7 20.Ba6 c4 21.Rae1 Qg7 22.Qxg7+ Kxg7
23.Rf4 Rf7 24.Bxc4 Rc8 25.Ba6 Rc2 26.Ne4 Bxe4 27.Rxg4+ Kf8 28.Rgxe4 Rxb2
29.Re6 b5 30.Rxd6 Nc4 31.Rd8+ Kg7 32.d6 Ne3 33.Kh1 Nxg2 34.Re7 Ne3 35.h4 Nf5
36.Rxf7+ Kxf7 37.d7 Nxg3+ 38.Kg1 Ke7 39.Rg8 Ne2+ 40.Kf1 Kxd7 41.Rg2 b4 42.a4 b3
43.Rxe2 Ra2 44.Bc4 Ra1+ 45.Kf2 Rb1 46.Ke3 Kd6 47.Kd4 b2 48.Bd3 Ra1 49.Rxb2 Rxa4+
50.Bc4 Ra3 51.Re2  1-0

[Event "IM"]
[Site "Kostrena CRO"]
[Date "2004.08.29"]
[Round "4"]
[White "Trtanj,T"]
[Black "Zorko,Ju"]
[Result "0-1"]
[WhiteElo "2116"]
[BlackElo "2319"]

1.d4 Nf6 2.Nf3 e6 3.c4 b6 4.Nc3 Bb4 5.Qc2 Bb7 6.a3 Bxc3+ 7.Qxc3 Ne4 8.Qc2 f5
9.e3 O-O 10.Bd3 d6 11.h4 Nd7 12.Bxe4 fxe4 13.Ng5 Qf6 14.b3 h6 15.Nh3 Nc5
16.dxc5 Qxa1 17.O-O Qf6 18.cxd6 cxd6 19.Bb2 e5 20.Nf4 Rac8 21.Qd2 Rfd8 22.Nd5 Qxh4
23.f4 exf3 24.Rxf3 Rf8 25.Rh3 Qg5 26.Qd3 Rf7 27.e4 Rcf8 28.Kh2 Rf2 29.Rg3 Qh4+
30.Rh3 Rxg2+ 31.Kxg2 Qf2+ 32.Kh1 Qe1+ 33.Kg2 Rf2+  0-1

[Event "IM"]
[Site "Kostrena CRO"]
[Date "2004.09.02"]
[Round "8"]
[White "Trtanj,T"]
[Black "Bosiocic,Mari"]
[Result "0-1"]
[WhiteElo "2116"]
[BlackElo "2308"]

1.d4 Nf6 2.Nf3 e6 3.c4 b6 4.Nc3 Bb4 5.a3 Bxc3+ 6.bxc3 O-O 7.Bg5 Bb7 8.e3 h6
9.Bh4 d6 10.Bd3 Nbd7 11.O-O g5 12.Bg3 Ne4 13.Nd2 Nxg3 14.fxg3 Kg7 15.e4 e5
16.Qg4 Bc8 17.Qf3 Rb8 18.Qe3 c5 19.d5 Nf6 20.h3 g4 21.h4 Nh5 22.Rf2 f6 23.Raf1 Kh7
24.Rb1 Bd7 25.Nf1 Ng7 26.Qe2 h5 27.Ne3 Qe7 28.Kh2 Rf7 29.Rbf1 Rbf8 30.Qc2 Qd8
31.Qb1 Qc8 32.Qc2 Qa6 33.Qc1 Qa5 34.Nf5 Nxf5 35.Rxf5 Bxf5 36.Rxf5 Kg6 37.Be2 Rg7
38.Qf1 Qa4 39.Rg5+ fxg5 40.Qxf8 Qd7 41.hxg5 Kxg5 42.Bd1 Qe7 43.Qf5+ Kh6 44.Qc8 Qf6
45.Qh8+ Kg6 46.Ba4 Rf7 47.Qg8+ Kh6 48.Qc8 Rf8 49.Qd7 Rg8 50.Bd1 h4 51.Bxg4 hxg3+
52.Kxg3 Qf4+ 53.Kh3 Rh8 54.g3 Qf2 55.Bh5 Kxh5 56.Qg7 Qf1+ 57.Kh2 Qf8 58.g4+ Kh4  0-1

[Event "8th WUCC"]
[Site "Instanbul TUR"]
[Date "2004.09.06"]
[Round "3"]
[White "Bocharov,D"]
[Black "Aroshidze,L"]
[Result "1-0"]
[WhiteElo "2569"]
[BlackElo "2401"]

1.d4 Nf6 2.Nf3 e6 3.c4 b6 4.Nc3 Bb7 5.a3 d5 6.cxd5 Nxd5 7.Qc2 Be7 8.Nxd5 exd5
9.Bf4 c5 10.e3 O-O 11.Bd3 h6 12.O-O Nd7 13.Rac1 Nf6 14.Ne5 c4 15.Bf5 Bc8
16.a4 Bxf5 17.Qxf5 Qc8 18.Qc2 a6 19.b3 b5 20.bxc4 bxc4 21.Rb1 Nd7 22.a5 Ra7
23.h3 Nxe5 24.Bxe5 Bd8 25.Rb8 Qd7 26.Rfb1 f6 27.Bf4 Bc7 28.R8b7 Rxb7 29.Rxb7 Rc8
30.e4 Qc6 31.Rxc7 Rxc7 32.exd5 Qd7 33.Bxc7 Qxc7 34.d6 Qxd6 35.Qxc4+ Kf8 36.g3 Ke7
37.Kg2 g5 38.d5 f5 39.Qd4 Kf7 40.Kg1 f4 41.g4 Ke8 42.Kg2 Kf7 43.Qe4 Kf8 44.h4 gxh4
45.Kh3 Qa3+ 46.Kxh4 Qxa5 47.Qxf4+ Kg7 48.Qe5+ Kf8 49.Qf6+ Kg8 50.Qg6+  1-0

[Event "Open"]
[Site "Pune IND"]
[Date "2004.09.06"]
[Round "4"]
[White "Vladimirov,E"]
[Black "Himanshu,Sh"]
[Result "1-0"]
[WhiteElo "2628"]
[BlackElo "2376"]

1.d4 Nf6 2.c4 e6 3.Nf3 b6 4.Nc3 Bb7 5.Bg5 Be7 6.Qc2 d5 7.e3 O-O 8.Bxf6 Bxf6
9.cxd5 exd5 10.Bd3 h6 11.O-O-O c5 12.dxc5 Bxc3 13.Qxc3 Qe7 14.Nd4 Qxc5 15.Qxc5 bxc5
16.Nb3 a5 17.Bf5 c4 18.Nd4 Na6 19.Rd2 g6 20.Bc2 Rfc8 21.Nb5 Rab8 22.Nc3 Nc7
23.Rhd1 Bc6 24.g3 Rb6 25.Ba4 Bxa4 26.Nxa4 Rb4 27.Nc3 Rcb8 28.Re2 Kg7 29.Rc2 Rd8
30.Rd4 Nb5 31.Rxd5 Rb8 32.Rxb5 R4xb5 33.Nxb5 Rxb5 34.Rxc4  1-0

[Event "TCh-CRO"]
[Site "Rabac CRO"]
[Date "2004.09.09"]
[Round "5"]
[White "Franic,M"]
[Black "Loncar,R"]
[Result "1-0"]
[WhiteElo "2415"]
[BlackElo "2370"]

1.d4 Nf6 2.c4 e6 3.Nf3 b6 4.Nc3 Bb4 5.Bg5 h6 6.Bh4 Bb7 7.Qb3 Qe7 8.a3 Bxc3+
9.Qxc3 d6 10.Nd2 Nbd7 11.f3 e5 12.e4 c5 13.d5 Nf8 14.Bf2 Ng6 15.g3 O-O 16.Bd3 Bc8
17.h4 Nh7 18.Qc2 Bd7 19.Nf1 a6 20.Ne3 b5 21.b3 Rfb8 22.O-O Rb7 23.Rfb1 Rab8
24.Be1 Nf6 25.b4 Rc8 26.Qe2 Nh5 27.Nf5 Qf6 28.bxc5 dxc5 29.f4 Bxf5 30.exf5 Ngxf4
31.gxf4 Nxf4 32.Qe4 Rd7 33.a4 Nxd3 34.Qxd3 bxc4 35.Qe4 Rcd8 36.Rd1 Rb8 37.Bc3 Rb3
38.Rac1 Ra3 39.Qxe5 Qxe5 40.Bxe5 f6 41.Bh2 Rxa4 42.d6 Kf7 43.Rd5 g6 44.fxg6+ Kxg6
45.Rxc5 Kf7 46.R5xc4 Rxc4 47.Rxc4 Ke6 48.Ra4 Ra7 49.Ra5 Kd7 50.Kg2 Kc6 51.Kf3 f5
52.h5 Ra8 53.Bf4 Kb6 54.Rxf5 a5 55.d7 Rd8 56.Rxa5 Rxd7 57.Re5  1-0

[Event "TCh-SCG 2nd Liga"]
[Site "Sutomore SCG"]
[Date "2004.09.10"]
[Round "1"]
[White "Minic,M"]
[Black "Lakic,N"]
[Result "1/2-1/2"]
[WhiteElo "2142"]
[BlackElo "2313"]

1.d4 Nf6 2.Nf3 e6 3.c4 b6 4.Nc3 Bb7 5.a3 d5 6.cxd5 Nxd5 7.Qc2 Nxc3 8.bxc3 Be7
9.e4 O-O 10.Bd3 c5 11.Be3 cxd4 12.cxd4 Nc6 13.O-O Rc8 14.Qa2 Qc7 15.Rfc1 Qb8
16.Rc2 Rfd8 17.Rac1 Qd6 18.Rc3 Na5 19.h4 h6 20.h5 Rxc3 21.Rxc3 Rc8 22.Rxc8+ Bxc8
23.Qc2 Qc6 24.Qxc6 Nxc6 25.Bc1 Bb7  1/2-1/2

[Event "8th WUCC"]
[Site "Instanbul TUR"]
[Date "2004.09.11"]
[Round "9"]
[White "Jianu,V"]
[Black "Shanava,K"]
[Result "0-1"]
[WhiteElo "2429"]
[BlackElo "2438"]

1.d4 Nf6 2.c4 e6 3.Nf3 b6 4.Nc3 Bb4 5.Bg5 Bb7 6.Qb3 Bxc3+ 7.Qxc3 h6 8.Bh4 d6
9.e3 Nbd7 10.Qc2 Qe7 11.Rd1 O-O 12.h3 Rae8 13.Be2 g5 14.Bg3 Ne4 15.Bh2 f5
16.O-O h5 17.d5 e5 18.Ne1 g4 19.hxg4 hxg4 20.Bxg4 fxg4 21.Qxe4 Qg7 22.Qc2 Re7
23.Bg3 Qh6 24.f4 Rh7 25.Nd3 Nf6 26.Nf2 Bc8 27.fxe5 Nh5 28.Ne4 Nxg3 29.Rxf8+ Kxf8
30.Nf6 Qxe3+  0-1

[Event "TCh-CRO"]
[Site "Rabac CRO"]
[Date "2004.09.12"]
[Round "8"]
[White "Kozul,Z"]
[Black "Shariyazdanov,A"]
[Result "1/2-1/2"]
[WhiteElo "2630"]
[BlackElo "2572"]

1.d4 Nf6 2.c4 e6 3.Nf3 b6 4.Nc3 Bb4 5.Qc2 Bb7 6.a3 Bxc3+ 7.Qxc3 d6 8.e3 Nbd7
9.Be2 O-O 10.O-O Ne4 11.Qc2 f5 12.Ne1 Qh4  1/2-1/2

[Event "TCh-SCG Men"]
[Site "Budva SCG"]
[Date "2004.09.13"]
[Round "6"]
[White "Cvetkovic,Sr"]
[Black "Maksimovic,B"]
[Result "0-1"]
[WhiteElo "2436"]
[BlackElo "2393"]

1.c4 e6 2.d4 Nf6 3.Nf3 b6 4.Nc3 Bb4 5.Qc2 Bb7 6.a3 Bxc3+ 7.Qxc3 O-O 8.Bg5 d6
9.g3 Nbd7 10.Bg2 Rc8 11.Rc1 c5 12.dxc5 Rxc5 13.Be3 Nd5 14.Qd2 Nxe3 15.Qxe3 Qc7
16.O-O Bxf3 17.Bxf3 Rc8 18.b3 b5 19.Rfd1 d5 20.Qd4 bxc4 21.bxc4 Nb6 22.e3 Rxc4
23.Rxc4 Qxc4 24.Qe5 Qc3 25.Qd6 Nc4 26.Qe7 Qxa3 27.Qxa3 Nxa3 28.e4 dxe4 29.Bxe4 g6
30.Rd7 a5 31.Ra7 Rc5 32.Bd3 Kg7 33.h4 Kf6 34.Kg2 h6 35.Kf3 Nb5 36.Bxb5 Rxb5
37.Kg2 g5 38.hxg5+ hxg5 39.Kf3 Kg6 40.g4 Rb3+ 41.Ke2 Rb4 42.f3 a4 43.Kf2 Rb2+
44.Kg3 Ra2 45.Ra6 a3 46.Kh3 Ra1 47.Kg2 a2 48.Ra5 f5 49.gxf5+ exf5 50.Ra6+ Kf7
51.Ra7+ Ke6 52.Ra6+ Kd5 53.Ra5+ Kc4 54.Ra8 f4 55.Ra7 g4 56.fxg4 f3+ 57.Kxf3 Rf1+
58.Ke4 a1=Q 59.Rxa1 Rxa1 60.g5  0-1

[Event "FSGM September"]
[Site "Budapest HUN"]
[Date "2004.09.14"]
[Round "11"]
[White "Erdos,V"]
[Black "Nguyen Ngoc Truongson"]
[Result "1/2-1/2"]
[WhiteElo "2454"]
[BlackElo "2466"]

1.d4 Nf6 2.c4 e6 3.Nf3 b6 4.Nc3 Bb4 5.Bg5 Bb7 6.Nd2 h6 7.Bh4 g5 8.Bg3 Bxc3
9.bxc3 d6 10.f3 Nbd7 11.e4 Nh5 12.Bf2 Nf4 13.g3 Ng6 14.Bd3 h5 15.Qe2 Qf6
16.Be3 O-O-O 17.O-O-O h4 18.Rdg1 hxg3 19.hxg3 e5 20.Qd1  1/2-1/2

[Event "TCh-SCG 2nd Liga"]
[Site "Sutomore SCG"]
[Date "2004.09.15"]
[Round "8"]
[White "Todorovic,J"]
[Black "Vujacic,I"]
[Result "1-0"]
[WhiteElo "2415"]
[BlackElo "2145"]

1.d4 Nf6 2.c4 e6 3.Nf3 b6 4.Nc3 Bb7 5.a3 d5 6.cxd5 exd5 7.g3 Be7 8.Qa4+ Qd7
9.Qxd7+ Nbxd7 10.Nb5 Kd8 11.Bf4 Ne8 12.Bh3 f6 13.O-O a6 14.Nc3 Bd6 15.Be6 c6
16.Bd2 Bc7 17.Rad1 Nd6 18.Bh3 Re8 19.Rfe1 a5 20.a4 Nb8 21.Bf4 Nf7 22.Bxc7+ Kxc7
23.Rc1 Kd8 24.Bf5 g6 25.Bd3 Nd6 26.h4 Ke7 27.h5 Kf7 28.hxg6+ hxg6 29.e4 dxe4
30.Nxe4 Nxe4 31.Bxe4 f5 32.Bd5+ Kf8 33.Rxe8+ Kxe8 34.Re1+ Kd8 35.Bf7 c5 36.Re8+ Kc7
37.Re7+  1-0

[Event "TCh-SCG Men"]
[Site "Budva SCG"]
[Date "2004.09.16"]
[Round "8"]
[White "Nikcevic,N"]
[Black "Kurcubic,A"]
[Result "0-1"]
[WhiteElo "2454"]
[BlackElo "2342"]

1.d4 Nf6 2.c4 e6 3.Nf3 b6 4.Nc3 Bb7 5.a3 d5 6.Bg5 Be7 7.Qa4+ c6 8.Bxf6 Bxf6
9.cxd5 exd5 10.e3 O-O 11.Rd1 Nd7 12.Bd3 c5 13.Bf5 cxd4 14.Nxd4 Nc5 15.Qc2 g6
16.Bg4 Qe7 17.O-O Rfd8 18.Nce2 Qe4 19.Qxe4 dxe4 20.b4 Nd3 21.f4 Bd5 22.Rd2 Bg7
23.Bh3 h5 24.g3 f5 25.Bg2 Kf7 26.h3 Kf6 27.Nc1 Nxc1 28.Rxc1 Bf8 29.g4 hxg4
30.hxg4 a5 31.Rc7 fxg4 32.Nc6 Rd6 33.Ne5 Be6 34.Nc4 Bxc4 35.Rxd6+ Bxd6 36.Rxc4 axb4
37.axb4 Ra3 38.Rc6 Ke7 39.Bxe4 Rxe3 40.Bxg6 Re6 41.f5 Bh2+ 42.Kxh2 Rxc6 43.Kg3 Rc4
44.b5 Rb4  0-1